[Event "Asia-ch Blitz U20 Girls"]
[Site "Jamshedpur"]
[Date "2023.09.15"]
[Round "8"]
[White "Sanchita, Yadav"]
[Black "Disha, UA."]
[Result "0-1"]
[WhiteElo "1251"]
[BlackElo "1372"]
[PlyCount "178"]
[EventDate "2023.09.15"]
[EventType "swiss (blitz)"]
[EventRounds "9"]
[EventCountry "IND"]
[SourceTitle "EXT 2024"]
[Source "ChessBase"]
[SourceDate "2023.10.10"]
[SourceVersion "1"]
[SourceVersionDate "2023.10.10"]
[SourceQuality "1"]

1. e4 c6 2. d4 d5 3. exd5 cxd5 4. Nf3 Nc6 5. Nc3 Nf6 6. Be3 Bg4 7. Be2 e6 8. h3 Bh5 9. Qd2 a6 10. Ne5 Bxe2 11. Nxc6 bxc6 12. Nxe2 Qc7 13. Bf4 Bd6 14. f3 0-0 15. Bxd6 Qxd6 16. c3 c5 17. 0-0 cxd4 18. Nxd4 Rab8 19. Rfe1 Qb6 20. Kh2 Qxb2 21. Qd3 Rfc8 22. Rec1 Qb7 23. Kh1 Qc7 24. Rc2 Qc4 25. Qe3 Rb6 26. Nb3 Rcb8 27. Rd1 Qc6 28. Na5 Qc7 29. c4 Rb2 30. Rxb2 Rxb2 31. Qd4 Rb8 32. Nb3 dxc4 33. Rc1 Rc8 34. Nd2 c3 35. Nb1 Nd5 36. Na3 h6 37. Nc2 Qc4 38. Qxc4 Rxc4 39. Na3 Ra4 40. Nb1 Rxa2 41. Nxc3 Nxc3 42. Rxc3 a5 43. Kh2 Kf8 44. Rc8+ Ke7 45. Rc7+ Kf6 46. Ra7 a4 47. Kg3 a3 48. Kf4 Rxg2 49. Rxa3 e5+ 50. Ke4 Re2+ 51. Kd3 Rb2 52. Ke4 Rb4+ 53. Ke3 Kf5 54. Ra7 Kg6 55. Ra5 f6 56. Ra7 Rb1 57. Kf2 Rb8 58. Ke3 Rf8 59. Ke4 Rf7 60. Ra1 Rb7 61. Ra4 Rd7 62. Ke3 Kf5 63. Ra8 Rb7 64. Rg8 g5 65. Rh8 h5 66. Rh6 h4 67. Rxh4 Rb6 68. Rh5 Rb3+ 69. Ke2 Kf4 70. Rh6 f5 71. h4 Rb2+ 72. Ke1 gxh4 73. Rxh4+ Kxf3 74. Rh3+ Kg4 75. Rh8 f4 76. Re8 Kf5 77. Rf8+ Ke4 78. Kf1 Ke3 79. Re8 e4 80. Rf8 f3 81. Kg1 Rb1+ 82. Kh2 f2 83. Kg2 Rg1+ 84. Kh2 f1Q 85. Rf3+ Qxf3 86. Kxg1 Qf2+ 87. Kh1 Qa2 88. Kg1 Kf3 89. Kh1 Qg2# 0-1

[Event "Asia-ch Rapid U20 Girls"]
[Site "Jamshedpur"]
[Date "2023.09.08"]
[Round "7"]
[White "Patil, Disha"]
[Black "Disha, UA."]
[Result "0-1"]
[WhiteElo "1414"]
[BlackElo "1256"]
[PlyCount "108"]
[EventDate "2023.09.08"]
[EventType "swiss (rapid)"]
[EventRounds "9"]
[EventCountry "IND"]
[SourceTitle "EXT 2024"]
[Source "ChessBase"]
[SourceDate "2023.10.10"]
[SourceVersion "1"]
[SourceVersionDate "2023.10.10"]
[SourceQuality "1"]

1. e4 d5 2. exd5 Qxd5 3. Nc3 Qd8 4. d4 Nf6 5. Nf3 e6 6. Be2 b6 7. 0-0 Bb7 8. Re1 Be7 9. Ne5 Nbd7 10. Bf3 Nd5 11. Nxd5 exd5 12. Qe2 Nf6 13. Bg5 0-0 14. Nc6 Bxc6 15. Qxe7 Re8 16. Qb4 a5 17. Qc3 Qd6 18. Bxf6 Qxf6 19. h3 Qd6 20. a4 Rxe1+ 21. Rxe1 Re8 22. b3 g6 23. Rxe8+ Bxe8 24. Qe3 Qe6 25. Qg5 c6 26. Qd8 Qe1+ 27. Kh2 Kg7 28. Qxb6 Qxf2 29. Qb8 Qe3 30. Qc7 Qe1 31. Qd6 Qe3 32. Qc7 Qe1 33. Bg4 Qe4 34. Qe5+ Qxe5+ 35. dxe5 f5 36. exf6+ Kxf6 37. Kg3 Ke5 38. c3 c5 39. Kf3 c4 40. bxc4 dxc4 41. Bc8 Bxa4 42. Ke3 Bc6 43. g3 a4 44. Ba6 Bd5 45. Bb5 a3 46. g4 a2 47. h4 a1Q 48. g5 Qxc3+ 49. Kf2 Qf3+ 50. Ke1 Qg3+ 51. Kd2 Qd3+ 52. Kc1 Be4 53. Ba4 c3 54. Bb3 Qd2# 0-1

[Event "IND-ch U15 Girls 38th"]
[Site "New Delhi"]
[Date "2022.11.29"]
[Round "2"]
[White "Disha, UA."]
[Black "Sai, Mahati A"]
[Result "0-1"]
[WhiteElo "1284"]
[BlackElo "1575"]
[PlyCount "68"]
[EventDate "2022.11.28"]
[EventType "swiss"]
[EventRounds "11"]
[EventCountry "IND"]
[SourceTitle "CBM 211 Extra"]
[Source "ChessBase"]
[SourceDate "2023.01.31"]
[SourceVersion "1"]
[SourceVersionDate "2023.01.31"]
[SourceQuality "1"]

1. e4 c5 2. Nc3 e6 3. f4 d5 4. Bb5+ Bd7 5. Bxd7+ Qxd7 6. Nf3 Nc6 7. 0-0 Be7 8. d3 Nf6 9. e5 Ng4 10. h3 Nh6 11. Bd2 Nf5 12. Kh2 h5 13. a3 f6 14. Ne2 0-0-0 15. Ng3 Nxg3 16. Kxg3 g5 17. exf6 gxf4+ 18. Bxf4 Bxf6 19. c3 e5 20. Bg5 Rhg8 21. h4 Qg4+ 22. Kh2 Bxg5 23. hxg5 e4 24. Ng1 Qxg5 25. Rf2 Qg3+ 26. Kh1 Qxf2 27. Qf1 Rdf8 28. Qxf2 Rxf2 29. Nh3 Rfxg2 30. dxe4 dxe4 31. Rb1 e3 32. b4 Ne5 33. bxc5 Nf3 34. Nf4 Rh2# 0-1